Colombia diversidad biótica X (Registro nro. 7321)

Detalles MARC
000 -CABECERA
Campo de control 00924nam a22002417a 4500
005 - FECHA Y HORA DE LA ULTIMA TRANSACCION
Campo de control 20200104041616.0
008 - ELEMENTOS DE LONGITUD FIJA—INFORMACION GENERAL
Campo de control 130522s2012 ck ao fr 000 0 spa d
020 ## - ISBN
ISBN 9789587194999
041 ## - IDIOMA
Código de idioma para texto/pista de sonido o título separado Español
044 ## - PAÍS DE PUBLICACIÓN
País de publicación Colombia
082 04 - NUMERO DE CLASIFICACION DECIMAL DEWEY
Número de clasificación 574.52
Número del ítem C718c
245 10 - MENCION DE TITULO
Título Colombia diversidad biótica X
Parte restante del título Cambio global (Natural) y climático (antrópico) en el páramo colombiano
Mención de responsabilidad Editado por J. Orlando Rangel Ch.
260 ## - PUBLICACION, DISTRIBUCION, ETC. (PIE DE IMPRENTA)
Lugar de publicación, distribución, etc. Bogotá
Nombre del editor, distribuidor, etc. Universidad Nacional de Colombia, Facultad de Ciencias. Instituto de Ciencias Naturales
Fecha de publicación, distribución, etc. 2012
300 ## - DESCRIPCION FISICA
Extensión 556 p.
Otros detalles físicos il.
504 ## - NOTA DE BIBLIOGRAFIA, ETC.
Nota de bibliografía Incluye referencias bibliográficas e índice
650 17 - ASIENTO SECUNDARIO DE MATERIA - TERMINO TEMATICO
Término temático o nombre geográfico como elemento de entrada Cambios global y climático
Subdivisión geográfica Colombia
650 17 - ASIENTO SECUNDARIO DE MATERIA - TERMINO TEMATICO
Término temático o nombre geográfico como elemento de entrada Biodiversidad del páramo
Subdivisión geográfica Colombia
650 17 - ASIENTO SECUNDARIO DE MATERIA - TERMINO TEMATICO
Término temático o nombre geográfico como elemento de entrada Paleoecología
650 17 - ASIENTO SECUNDARIO DE MATERIA - TERMINO TEMATICO
Término temático o nombre geográfico como elemento de entrada Fitosociología
650 17 - ASIENTO SECUNDARIO DE MATERIA - TERMINO TEMATICO
Término temático o nombre geográfico como elemento de entrada Fragmentación
700 1# - ASIENTO SECUNDARIO - NOMBRE PERSONAL
Nombre personal Rangel Ch., J. Orlando
Fechas asociadas con el nombre 1950-
Término de relación Editor
942 ## - ELEMENTOS ADICIONALES (KOHA)
Sistema de clasificación Dewey Decimal Classification
Tipo de ítem CD-ROM
Koha issues (borrowed), all copies 1
Existencias
Withdrawn status Lost status Sistema de Clasificación Damaged status No para préstamo Colección Inventariado Ubicación Permanente Ubicación actual Fecha de adquisición Fuente de Valor Valor Total Checkouts Total Renewals Número topográfico Inventario / Código de Barras Date last seen Date checked out Ejemplar Price effective from Forma de adquisición Tipo de material
    Dewey Decimal Classification     General Inventariado 2017 Bogotá Bogotá 21/06/2013 Instituto 39000.00 1 1 LB-574.52 C718c 028467 26/02/2015 27/06/2013 V. 10 Ej. 1 21/06/2013   Libro
    Dewey Decimal Classification     General Inventariado 2017 Sala Fabio Quevedo Sala Fabio Quevedo 11/02/2016 Instituto 39000.00     LB-574.52 C718c 042245 11/02/2016   V.10 Ej.2 11/02/2016   Libro